000 00574nam a2200193Ia 4500
003 OSt
005 20230605105348.0
008 210423s2000 xx 000 0 und d
040 _cAL
041 _aeng
082 _a158.3 BAYC
_223
100 _aBAYNE (Rowan);others
_9119498
245 _aCounselling and communication skills for medical and health practetioners
260 _bUniversities Press
_c2000
365 _b275
_cINR
650 _aCounseling
_9119499
906 _acommunication ; Counselling ; health ; medical ; practetioners. ; skills
942 _2ddc
_cBK
999 _c173763
_d173763